Paroles de On s'envoie en l'air - NTR (Drag Race France All Stars) - Statistiques

Statistiques générales
  • Ce quiz a été pris 26 fois
  • Le résultat moyen est 178 sur 253
Statistiques - réponses
Réponse % Correct
de
100%
en
100%
La
100%
la
100%
l'air
100%
la-la
100%
le
100%
Le
100%
On
100%
on
100%
su
100%
sûr
100%
sur
100%
a
93%
à
93%
coeurs
93%
les
93%
Mami
93%
Moon
93%
pierre
93%
qui
93%
s'envoie
93%
Tu
93%
tu
93%
est
86%
fesses
86%
Je
86%
J'suis
86%
j'suis
86%
mais
86%
mes
86%
toujours
86%
voilà
86%
vois
86%
voit
86%
Wata-ta-ta
86%
arriver
79%
gagnante
79%
gloss
79%
J'arrive
79%
mis
79%
oh
79%
Oh
79%
string
79%
All
71%
allure
71%
badges
71%
dans
71%
femme
71%
habillée
71%
Mieux
71%
mimi
71%
Stars
71%
tous
71%
tout
71%
trop
71%
un
71%
veux
71%
Elle
64%
elle
64%
haine
64%
hommes
64%
larmes
64%
Moi
64%
moi
64%
Nouvelle
64%
nouvelle
64%
slash
64%
baigne
57%
ça
57%
Ce
57%
compétente
57%
dedans
57%
des
57%
et
57%
face
57%
incomprise
57%
j'me
57%
lace
57%
mon
57%
monde
57%
pas
57%
princesse
57%
reine
57%
selfie
57%
te
57%
Battante
50%
beaux
50%
c'est
50%
dalle
50%
fatale
50%
scène
50%
si
50%
une
50%
Une
50%
Berthavores
43%
cabaret
43%
changé
43%
couture
43%
Garce
43%
important
43%
imposture
43%
J'ai
43%
j'ai
43%
J'vais
43%
mentale
43%
mettre
43%
m'occuper
43%
oui
43%
prête
43%
queen
43%
rester
43%
Santé
43%
unique
43%
alors
36%
au
36%
brat
36%
demure
36%
domaine
36%
Misty
36%
nocturne
36%
parisienne
36%
pâtée
36%
petite
36%
ring
36%
Sirène
36%
sors
36%
t'aime
36%
cette
29%
clair
29%
Comme
29%
compris
29%
coucou
29%
fais
29%
Ferrari
29%
j'te
29%
Lolo
29%
lune
29%
modeuse
29%
nazes
29%
péri-ménopausée
29%
Phoenix
29%
poids
29%
silicone
29%
cases
21%
conne
21%
j'coche
21%
l'remix
21%
reviens
21%
sans
21%
toutes
21%
vite
21%
montrer
14%
Regarde
14%
suite
14%
vous
14%
dit
7%
Aucun quiz correspondant
Distribution des résultats
% des personnes avec chaque résultat
Percentile par nombre de réponses
Votre historique - résultats
Vous n’avez pas pris ce quiz